Statystyki dla Piwo A-Ż

Kliknij tutaj aby rozwiązać quiz!

Ogólne statystyki

  • Ten quiz został rozwiązany 1 624 razy
  • Średni wynik to 10 z 26

Statystyki odpowiedzi

LiteraMarka Piwa% Poprawnych
ŻŻywiec | Żubr | Żywe
96%
TTyskie | Tatra
90%
HHarnaś | Heineken | Holba
82%
WWarka
75%
LLech | Leżajsk | Litovel
72%
ŁŁomża
70%
DDesperados | Dębowe
68%
KKrólewskie | Kasztelan | Kustosz | Kozel | Kelt
65%
PPerła | Paulaner | Pilzner Urquel | Patronus
62%
OOkocim
51%
CCarlsberg | Ciechan
47%
EEB
39%
NNamysłów
39%
GGuiness | Garrage
34%
RRedd's | Rastinger | Raciborskie
33%
BBudweiser | Budlight | Braniewo | Bosman
25%
AArgus
23%
MMiłosław
16%
FFortuna
15%
ZZlatý Bažant | Zwierzyniec
13%
SSpecial
9%
VVeltinns | Van Pur
6%
IIrlandzkie
3%
JJabłonowo
2%
ŠŠariš
1%
UUrsa Mayor
1%

Rozkład punktacji

Percentyl według liczby udzielonych odpowiedzi

Procent ludzi z każdym wynikiem

Twoja historia wyników

Nie rozwiązałeś tego quizu